[Event "Ruhrgebiet Regionalliga 1819"]
[Site "Nordrheinwestfalen"]
[Date "2018.09.02"]
[Round "1.3"]
[White "Brockmann, Michael"]
[Black "Koehn, Peter"]
[Result "0-1"]
[WhiteElo "2002"]
[BlackElo "2137"]
[PlyCount "110"]
[EventDate "2018.09.02"]
[EventType "team-tourn"]
[EventRounds "11"]
[EventCountry "GER"]
[SourceTitle "EXT 2022"]
[Source "ChessBase"]
[SourceDate "2021.10.06"]
[SourceVersion "1"]
[SourceVersionDate "2021.10.06"]
[SourceQuality "1"]
[WhiteTeam "Eichlinghofen SV"]
[BlackTeam "Wattenscheid SV II"]
[WhiteTeamCountry "GER"]
[BlackTeamCountry "GER"]

1. d4 Nf6 2. c4 e6 3. Nf3 d5 4. Bg5 Be7 5. e3 0-0 6. Nc3 h6 7. Bh4 b6 8. cxd5 Nxd5 9. Bxe7 Qxe7 10. Nxd5 exd5 11. Bd3 Be6 12. 0-0 c5 13. Rc1 Nd7 14. Bb1 Rfc8 15. Qd3 Nf6 16. Qa3 Kf8 17. Ne5 c4 18. Qa6 Qb4 19. Qb7 a5 20. Bf5 Rcb8 21. Qc7 Ne8 22. Nd7+ Ke7 23. Nxb8+ Nxc7 24. Nc6+ Kd6 25. Nxb4 Bxf5 26. Nc2 b5 27. f3 f6 28. Rfe1 Bd3 29. Kf2 Re8 30. a3 Na8 31. Red1 Nb6 32. Ne1 Bg6 33. g4 Na4 34. Rd2 Rb8 35. f4 Be4 36. Ra1 h5 37. Kg3 hxg4 38. Kxg4 g6 39. h4 Rh8 40. Rh2 Nb6 41. Rc1 Nc8 42. Nf3 Ne7 43. Nd2 Bd3 44. Rch1 Nf5 45. h5 gxh5+ 46. Rxh5 Nxe3+ 47. Kf3 Rxh5 48. Rxh5 Nc2 49. Rh8 Nxd4+ 50. Ke3 Nc2+ 51. Kf2 b4 52. axb4 axb4 53. Nf3 b3 54. Ne1 Nxe1 55. Kxe1 c3 0-1

[Event "Ruhrgebiet Regionalliga 1617"]
[Site "Germany"]
[Date "2016.12.04"]
[Round "4.3"]
[White "Hillenbrand, Michael"]
[Black "Koehn, Peter"]
[Result "1/2-1/2"]
[WhiteElo "2078"]
[BlackElo "2179"]
[PlyCount "65"]
[EventDate "2016.09.11"]
[EventType "team-tourn"]
[EventRounds "9"]
[EventCountry "GER"]
[SourceTitle "EXT 2022"]
[Source "ChessBase"]
[SourceDate "2021.10.06"]
[SourceVersion "1"]
[SourceVersionDate "2021.10.06"]
[SourceQuality "1"]
[WhiteTeam "Borbeck Weisse Dame"]
[BlackTeam "Wattenscheid SV II"]
[WhiteTeamCountry "GER"]
[BlackTeamCountry "GER"]

1. c4 c5 2. Nf3 b6 3. g3 Bb7 4. Bg2 Nf6 5. Nc3 e6 6. 0-0 Be7 7. b3 0-0 8. Bb2 d6 9. d4 cxd4 10. Qxd4 a6 11. Rad1 Nbd7 12. Ne1 Qc7 13. Bxb7 Qxb7 14. Ng2 b5 15. Ne3 Rfc8 16. Rd2 bxc4 17. Nxc4 d5 18. Ne5 Bc5 19. Qf4 Bd6 20. Na4 Bxe5 21. Bxe5 Ne4 22. Bb2 Nxd2 23. Qxd2 f6 24. Rd1 Nc5 25. Nxc5 Rxc5 26. Bd4 Rc6 27. b4 Rac8 28. Bc5 Rxc5 29. bxc5 Rxc5 30. Qe3 Rc6 31. Rxd5 Rc1+ 32. Qxc1 exd5 33. Qc2 1/2-1/2

[Event "Ruhrgebiet Regionalliga 1617"]
[Site "Germany"]
[Date "2016.11.06"]
[Round "3.3"]
[White "Wichtrup, Jan Louis"]
[Black "Koehn, Peter"]
[Result "0-1"]
[WhiteElo "1894"]
[BlackElo "2179"]
[PlyCount "130"]
[EventDate "2016.09.11"]
[EventType "team-tourn"]
[EventRounds "9"]
[EventCountry "GER"]
[SourceTitle "EXT 2022"]
[Source "ChessBase"]
[SourceDate "2021.10.06"]
[SourceVersion "1"]
[SourceVersionDate "2021.10.06"]
[SourceQuality "1"]
[WhiteTeam "Dortmund SV"]
[BlackTeam "Wattenscheid SV II"]
[WhiteTeamCountry "GER"]
[BlackTeamCountry "GER"]

1. d4 Nf6 2. c4 g6 3. Nc3 Bg7 4. e4 d6 5. Nf3 0-0 6. Be2 e5 7. 0-0 Nc6 8. d5 Ne7 9. Ne1 Nd7 10. f3 f5 11. g4 Nf6 12. Nd3 c6 13. Be3 Kh8 14. h3 Bd7 15. a4 a5 16. Kg2 c5 17. Nf2 f4 18. Bd2 g5 19. Nb5 Bc8 20. Nd3 Ng6 21. Be1 h5 22. Rh1 Kg8 23. Bf2 Rf7 24. Qb3 Bf8 25. Rag1 Rh7 26. Kf1 Kf7 27. Ke1 Be7 28. Kd2 Qb6 29. Qd1 Bd7 30. Bf1 Rah8 31. Bg2 Ke8 32. Kc2 Kd8 33. b3 Kc8 34. Nc3 Kb8 35. Nb1 Qd8 36. Nd2 Qc8 37. Nc1 Rg8 38. Na2 Rhg7 39. Nc3 Nh8 40. Bf1 Nf7 41. Be2 Rg6 42. Rg2 R8g7 43. Qg1 Rh7 44. Rhh2 Rgh6 45. Nf1 Rg6 46. Qh1 Rhg7 47. Nb1 Qe8 48. Nc3 Rg8 49. Nd2 Nh6 50. Kd3 Qc8 51. Qg1 Nf7 52. Nb5 Rh6 53. Qd1 Nh8 54. Qh1 Ng6 55. Nc3 Nh7 56. Nb5 Nh4 57. Rg1 Nf8 58. Nc3 Nfg6 59. Ncb1 Rgh8 60. Nf1 R8h7 61. Nbd2 Qh8 62. Kc2 hxg4 63. hxg4 Nf5 64. Rgg2 Ne3+ 65. Bxe3 fxe3 0-1

[Event "Ruhrgebiet Regionalliga 1516"]
[Site "Germany"]
[Date "2015.11.15"]
[Round "3.4"]
[White "Koehn, Peter"]
[Black "Kemna, Guido"]
[Result "1-0"]
[WhiteElo "2154"]
[BlackElo "2157"]
[PlyCount "69"]
[EventDate "2015.09.13"]
[EventType "team-tourn"]
[EventRounds "9"]
[EventCountry "GER"]
[SourceTitle "EXT 2022"]
[Source "ChessBase"]
[SourceDate "2021.10.06"]
[SourceVersion "1"]
[SourceVersionDate "2021.10.06"]
[SourceQuality "1"]
[WhiteTeam "Wattenscheid SV II"]
[BlackTeam "Welper SV"]
[WhiteTeamCountry "GE2"]
[BlackTeamCountry "GER"]

1. c4 c6 2. Nf3 d5 3. g3 Nf6 4. Bg2 e6 5. b3 Be7 6. 0-0 0-0 7. Qc2 c5 8. Bb2 Nc6 9. d3 d4 10. a3 e5 11. Nbd2 h6 12. Rae1 Bf5 13. Nh4 Bh7 14. Bh3 Ne8 15. Nf5 Nd6 16. Nxe7+ Qxe7 17. e3 dxe3 18. Rxe3 Qf6 19. b4 cxb4 20. axb4 Nxb4 21. Qb3 Nc6 22. f4 Nf5 23. Bxf5 Bxf5 24. fxe5 Qg5 25. d4 Bh3 26. Rf4 Ne7 27. Ne4 Qg6 28. g4 Bxg4 29. Rg3 h5 30. h3 Qh6 31. Bc1 Bf5 32. Nf6+ Kh8 33. Rf1 g5 34. Bxg5 Qg7 35. Nxh5 1-0

[Event "Ruhrgebiet Regionalliga 1314"]
[Site "Ruhrgebiet"]
[Date "2014.03.02"]
[Round "7.6"]
[White "Koehn, Peter"]
[Black "Wilbert, Siegfried"]
[Result "1-0"]
[WhiteElo "2199"]
[BlackElo "1970"]
[PlyCount "125"]
[EventDate "2013.09.22"]
[EventType "team-tourn"]
[EventRounds "9"]
[EventCountry "GER"]
[SourceTitle "EXT 2024"]
[Source "ChessBase"]
[SourceDate "2023.10.10"]
[SourceVersion "1"]
[SourceVersionDate "2023.10.10"]
[SourceQuality "1"]
[WhiteTeam "Wattenscheid III"]
[BlackTeam "Buer"]
[WhiteTeamCountry "GER"]
[BlackTeamCountry "GER"]

1. c4 e5 2. g3 Nf6 3. Bg2 d5 4. cxd5 Nxd5 5. Nc3 Nxc3 6. bxc3 c5 7. Nf3 Nc6 8. d3 Be7 9. 0-0 Be6 10. Rb1 Rb8 11. Qa4 0-0 12. Nd2 Bd5 13. Ne4 f5 14. c4 Bf7 15. Nc3 Be8 16. Nd5 Bd6 17. e3 Rf7 18. f4 exf4 19. gxf4 Kh8 20. Qd1 Rd7 21. Bh3 Bg6 22. Rb2 Qh4 23. Qf3 Re8 24. Rg2 Ne7 25. Rg3 Nxd5 26. Qxd5 Rf8 27. Bb2 Qd8 28. Qg2 Qe8 29. e4 fxe4 30. Bxd7 Qxd7 31. dxe4 Rxf4 32. Rgf3 Rxf3 33. Qxf3 h6 34. e5 Be7 35. h3 Kh7 36. Qg4 Qd2 37. Qg2 Qe3+ 38. Kh2 Bh4 39. Rf3 Qe4 40. Rb3 Qf4+ 41. Kg1 Be4 42. Qe2 Qg5+ 43. Qg4 Qxg4+ 44. hxg4 b6 45. Ra3 a5 46. Rb3 Bd8 47. e6 Bc6 48. e7 Bxe7 49. Rxb6 Bf3 50. Ra6 Bxg4 51. Rxa5 Be2 52. Ra7 Bf8 53. Ra8 Kg8 54. a4 Bxc4 55. a5 Kf7 56. a6 Be7 57. a7 Bg5 58. Rf8+ Kxf8 59. a8Q+ Kf7 60. Qb7+ Be7 61. Bxg7 h5 62. Bh6 Ke8 63. Qe4 1-0

[Event "Ruhrgebiet Regionalliga 0910"]
[Site "Germany"]
[Date "2009.12.13"]
[Round "4.1"]
[White "Koehn, Peter"]
[Black "Watzlawek, Markus"]
[Result "1-0"]
[WhiteElo "2276"]
[BlackElo "2144"]
[PlyCount "85"]
[EventDate "2009.09.06"]
[EventType "team-tourn"]
[EventRounds "9"]
[EventCountry "GER"]
[SourceTitle "EXT 2011"]
[Source "ChessBase"]
[SourceDate "2010.11.26"]
[SourceVersion "1"]
[SourceVersionDate "2010.11.26"]
[SourceQuality "1"]
[WhiteTeam "Wattenscheid III"]
[BlackTeam "Dortmund Hansa III"]
[WhiteTeamCountry "GER"]
[BlackTeamCountry "GER"]

1. d4 f5 2. c4 Nf6 3. Nc3 d6 4. g3 g6 5. Bg2 Bg7 6. Nh3 0-0 7. d5 Nbd7 8. Nf4 Ne5 9. b3 c5 10. Rb1 Rb8 11. 0-0 Ne8 12. Qc2 Nc7 13. b4 cxb4 14. Rxb4 Na6 15. Rb1 Nc5 16. Nb5 a6 17. Nd4 Bd7 18. Ba3 g5 19. Bxc5 gxf4 20. Bb6 Qe8 21. gxf4 Ng6 22. e3 Nh4 23. Nf3 Nxg2 24. Kxg2 Qh5 25. Qe2 Rf6 26. Rg1 Rc8 27. Kh1 Rg6 28. Rg3 Kh8 29. Rbg1 Be8 30. Rg5 Rxg5 31. Rxg5 Qh3 32. Rg3 Qh5 33. Qd3 Bg6 34. Ng5 Qh4 35. Bd4 Bf6 36. Bxf6+ exf6 37. Qd4 Kg7 38. Ne6+ Kf7 39. Qb6 Re8 40. Qxd6 Qh5 41. Nd8+ Kg7 42. Qd7+ Kh6 43. Kg2 1-0

[Event "Oberliga NRW 0809"]
[Site "Germany"]
[Date "2008.09.21"]
[Round "1.8"]
[White "Biedekoepper, Robert"]
[Black "Koehn, Peter"]
[Result "0-1"]
[WhiteElo "2137"]
[BlackElo "2285"]
[PlyCount "80"]
[EventDate "2008.09.21"]
[EventType "team-tourn"]
[EventRounds "9"]
[EventCountry "GER"]
[SourceTitle "EXT 2010"]
[Source "ChessBase"]
[SourceDate "2010.11.25"]
[SourceVersion "1"]
[SourceVersionDate "2010.11.25"]
[SourceQuality "1"]
[WhiteTeam "Godesberg II"]
[BlackTeam "Wattenscheid II"]
[WhiteTeamCountry "GER"]
[BlackTeamCountry "GER"]

1. d4 Nf6 2. c4 e6 3. Nc3 Bb4 4. Qc2 b6 5. Bg5 Bb7 6. Nf3 0-0 7. e3 d6 8. Bd3 h6 9. Bh4 Nbd7 10. 0-0 Bxc3 11. Qxc3 Re8 12. Rad1 Qe7 13. Nd2 Rac8 14. Qa3 a5 15. Be4 Bxe4 16. Nxe4 g5 17. Nxf6+ Qxf6 18. Bg3 Qg6 19. Qa4 Red8 20. f3 f5 21. Qc6 Qe8 22. Qa4 Nf6 23. Qb3 Rb8 24. Rc1 Rd7 25. Rfe1 Rg7 26. e4 f4 27. Bf2 g4 28. e5 Nd7 29. fxg4 Rxg4 30. Qh3 Qg6 31. exd6 cxd6 32. Rc3 Kh8 33. a3 Rg8 34. g3 a4 35. Kg2 Qf6 36. c5 bxc5 37. dxc5 Nxc5 38. Bxc5 dxc5 39. Rc2 fxg3 40. Qh5 gxh2+ 0-1

[Event "Dresden ZMD op"]
[Site "Dresden"]
[Date "2008.07.27"]
[Round "9"]
[White "Koehn, Peter"]
[Black "Meissner, Felix"]
[Result "1/2-1/2"]
[WhiteElo "2285"]
[BlackElo "2101"]
[PlyCount "66"]
[EventDate "2008.07.19"]
[EventType "swiss"]
[EventRounds "9"]
[EventCountry "GER"]
[SourceTitle "CBM 125 Extra"]
[Source "ChessBase"]
[SourceDate "2008.09.01"]
[SourceVersion "1"]
[SourceVersionDate "2008.09.01"]
[SourceQuality "1"]

1. d4 Nf6 2. c4 g6 3. Nc3 Bg7 4. e4 d6 5. Nf3 0-0 6. Be3 e5 7. dxe5 dxe5 8. Qxd8 Rxd8 9. Nd5 Nxd5 10. cxd5 c6 11. Bc4 cxd5 12. Bxd5 Nc6 13. Bxc6 bxc6 14. Rd1 Rxd1+ 15. Kxd1 Be6 16. Kc2 a5 17. Nd2 a4 18. Kb1 Rd8 19. Rc1 f5 20. g3 f4 21. gxf4 Bh6 22. Nf3 exf4 23. Bb6 Rc8 24. Ne5 f3 25. Rxc6 Rxc6 26. Nxc6 Bf4 27. h4 Bc4 28. Kc2 Bxa2 29. Bd4 Kf7 30. Be5 Bb3+ 31. Kc3 Bh6 32. Nd4 Bd1 33. Bd6 Be3 1/2-1/2

[Event "Dresden ZMD op"]
[Site "Dresden"]
[Date "2008.07.25"]
[Round "7"]
[White "Koehn, Peter"]
[Black "Doberitz, Paul"]
[Result "1-0"]
[WhiteElo "2285"]
[BlackElo "2113"]
[PlyCount "85"]
[EventDate "2008.07.19"]
[EventType "swiss"]
[EventRounds "9"]
[EventCountry "GER"]
[SourceTitle "CBM 125 Extra"]
[Source "ChessBase"]
[SourceDate "2008.09.01"]
[SourceVersion "1"]
[SourceVersionDate "2008.09.01"]
[SourceQuality "1"]

1. d4 Nf6 2. c4 c5 3. Nf3 g6 4. g3 Bg7 5. Bg2 0-0 6. 0-0 cxd4 7. Nxd4 Nc6 8. Nc3 Qb6 9. Nc2 d6 10. b3 Be6 11. Bb2 Rac8 12. Rb1 Qc7 13. h3 Rfd8 14. e4 Qd7 15. Kh2 Ne8 16. Ne3 f6 17. Ncd5 Bf7 18. f4 e6 19. Nc3 f5 20. Qd2 Ne7 21. Rbd1 Nf6 22. Nb5 Qc7 23. Rf2 Qb8 24. Nxd6 Nxe4 25. Bxe4 Bxb2 26. Qxb2 Rxd6 27. Rxd6 Qxd6 28. Bxb7 Rd8 29. Bg2 Be8 30. Nf1 Bc6 31. Rd2 Qc7 32. Qe5 Rxd2 33. Qxe6+ Kf8 34. Nxd2 Bxg2 35. Kxg2 Qa5 36. Qf6+ Kg8 37. Qb2 Nc6 38. Nf3 Nb4 39. a3 Nc6 40. Qd2 Qc7 41. Qd5+ Kh8 42. Ne5 Ne7 43. Qd7 1-0

[Event "Ruhrgebiet VL2 0708"]
[Site "Germany"]
[Date "2008.01.20"]
[Round "5.1"]
[White "Mallee, Ralph"]
[Black "Koehn, Peter"]
[Result "0-1"]
[WhiteElo "2149"]
[BlackElo "2280"]
[PlyCount "62"]
[EventDate "2007.09.02"]
[EventType "team"]
[EventRounds "9"]
[EventCountry "GER"]
[SourceTitle "EXT 2009"]
[Source "ChessBase"]
[SourceDate "2008.11.26"]
[SourceVersion "1"]
[SourceVersionDate "2008.11.26"]
[SourceQuality "1"]
[WhiteTeam "Dortmund SV"]
[BlackTeam "Wattenscheid III"]
[WhiteTeamCountry "GER"]
[BlackTeamCountry "GER"]

1. e4 d6 2. d4 g6 3. f4 Bg7 4. Nf3 Nf6 5. Nc3 0-0 6. Bd3 Na6 7. e5 Nd7 8. Qe2 c5 9. d5 Nb4 10. e6 fxe6 11. Ng5 Nb6 12. dxe6 c4 13. Be4 d5 14. a3 Nc6 15. Nf7 Rxf7 16. exf7+ Kxf7 17. Bf3 Bf5 18. Qf2 Bd4 19. Qh4 Kg8 20. Bd1 Qd7 21. g4 Qe6+ 22. Kf1 Be4 23. Qe1 Rf8 24. Nxe4 dxe4 25. c3 Bc5 26. Kg2 Nd5 27. Rf1 e3 28. f5 Qe5 29. Rf3 Bd6 30. Bxe3 Qxh2+ 31. Kf1 Ne5 0-1